Sports Quiz

Random Sports or NHL Quiz

NHL Top 50 single season points, born in the 1980's Quiz Stats

Quiz not verified by Sporcle

Score 0/50 Timer 08:00
0 Plays Today
Points Player % Correct
120Sidney Crosby
99.6%
112Alex Ovechkin
99.2%
113Evgeni Malkin
98.7%
112Henrik Sedin
98.3%
104Daniel Sedin
98.3%
98Corey Perry
97.9%
106Patrick Kane
97.9%
105Dany Heatley
97%
100Eric Staal
97%
108Vincent Lecavalier
96.6%
101Nicklas Bäckström
96.6%
76Jonathan Toews
96.6%
98Ilya Kovalchuk
96.2%
102Claude Giroux
96.2%
89Jamie Benn
95.8%
79Rick Nash
95.8%
91Ryan Getzlaf
95.4%
92Henrik Zetterberg
94.9%
92Jason Spezza
94.1%
86Brad Marchand
93.1%
92Anze Kopitar
92.4%
92Phil Kessel
92%
94Zach Parise
91.6%
93Jonathan Cheechoo
91.1%
79Joe Pavelski
90.7%
Points Player % Correct
84Thomas Vanek
89.5%
78Patrick Sharp
89.5%
91Brad Richards
88.6%
84Alexander Semin
88.6%
80Mike Richards
88.6%
91Blake Wheeler
87.9%
84Jeff Carter
87.8%
81James Neal
86.5%
86Marian Gaborik
85.2%
73Patrice Bergeron
85.2%
85Jakub Voracek
84.8%
75Ryan Kesler
84.8%
76Brent Burns
83.9%
80Jason Pominville
76.8%
79Simon Gagne
76.8%
79Paul Stastny
75.9%
76Jiri Hudler
74.7%
76Mike Green
74.3%
81Derek Roy
72.6%
73Nick Foligno
69.6%
83Mike Ribeiro
69.2%
82Mike Cammalleri
68.8%
77Ales Hemsky
66.7%
77Martin Havlat
58.2%
76Justin Williams
48.9%

You're not logged in!

Compare scores with friends on all Sporcle quizzes.
Join for Free
OR
Log In

You Might Also Like...

Show Comments

Extras

Top Quizzes Today


Score Distribution

Your Account Isn't Verified!

In order to create a playlist on Sporcle, you need to verify the email address you used during registration. Go to your Sporcle Settings to finish the process.

Report this User

Report this user for behavior that violates our Community Guidelines.

Details: